1793 1236 1770 1593 1771 1489 1702 1723 1124 1237 1007 1178 1393 1649 1943 1047 1430 1884 1930 1926 1272 1712 1275 1461 1719 1968 1801 1249 1880 1601 1126 1558 1933 1756 1917 1562 1097 1163 1708 1772 1324 1153 1886 1318 1302 1586 1568 1985 1585 1363 1422 1691 1198 1892 1479 1334 1403 1928 1891 1053 1165 1621 1784 1234 1346 1870 1522 1288 1415 1628 1844 1697 1450 1535 1871 1533 1228 1769 1761 1380 1600 1876 1812 1844 1342 1121 1434 1433 1443 1223 1557 1349 1911 1798 1120 1778 1428 1844 1817 BCNSPRNW ULIB Ver.6.0+V

เปลี่ยนเป็นภาษาไทย

Change to English
 แสดงรายละเอียดบรรณานุกรม
  กลับหน้าหลัก

Brief Record : Get Marc (ISO 2709) : E-mail record : QR code < ปิดหน้าต่าง
LEADER : 00000nam 2200000uu 4500
001    13399111523
003     ULIB
008    110628s||||||||th 000 0 tha d
020    9786167076034
050  4 BQ4302^bน189ก 2549
100 0  นพวัฒน์ ชัยประคอง
245 10 เกิดใหม่ในโลกใบเดิม/^cนพวัฒน์ ชัยประคอง
250    พิมพ์ครั้งที่ 1
260    กรุงเทพฯ :^bบีพลัส,^c 2552
300    176 หน้า^bภาพประกอบสีบางภาพ
650  7 กรรม
945    ^p160^l0^i027356
945    ^p160^l0^i027355
995    ทศพร
999 ^a ใช้งานได้ทุกระบบ
รายการนี้ยังไม่มีแท็ก
คุณยังไม่ได้ล็อกอิน คุณสามารถมีกิจกรรมร่วมกับเว็บไซต์ได้ แต่ต้องล็อกอินก่อน ::
  ล็อกอิน

รายการสื่อสารสนเทศ

ลำดับที่ ประเภท เลขเรียก/บาร์โค้ด สถานที่ สถานะ
- ไม่พบข้อมูล -

รายการใกล้เคียง
    หัวเรื่อง [กรรม]

BibComment


ยังไม่เคยถูกคอมเมนท์

คอมเมนท์ทรัพยากรรายการนี้
  คอมเมนท์: เกิดใหม่ในโลกใบเด..


 Copyright 2026. Bcnsprnw @Library